书目信息 |
| 题名: |
计算机接口技术
|
|
| 作者: | 庄琴生 编著 | |
| 分册: | ||
| 出版信息: | 西安 西安电子科技大学出版社 2004 |
|
| 页数: | 246页 | |
| 开本: | 26cm | |
| 丛书名: | ||
| 单 册: | ||
| 中图分类: | TP334.7 | |
| 科图分类: | ||
| 主题词: | 电子计算机--接口--高等教育--教材 | |
| 电子资源: | ||
| ISBN: | 978-7-5606-1391-8 | |
| 000 | 00829nam0 2200241 450- | |
| 001 | 0101048959 | |
| 005 | 20040920144517.0 | |
| 010 | @a978-7-5606-1391-8@dCNY18.00 | |
| 100 | @a20040802d2004 em y0chiy0120 ea | |
| 101 | 0 | @achi |
| 102 | @aCN@b610000 | |
| 105 | @ay z 000yy | |
| 106 | @ar | |
| 200 | 1 | @a计算机接口技术@9Ji Suan Ji Jie Kou Ji Shu;Zhu @f庄琴生编著@b专著 |
| 210 | @a西安@c西安电子科技大学出版社@d2004 | |
| 215 | @a246页@d26cm | |
| 300 | @a高职高专系列教材 面向21世纪IT类高职高专系列教材 | |
| 330 | @a本书注重接口技术基本概念的讲解并强调其实用性,提供了大量基本应用实例和具体的实验内容,并对计算机接口的新技术作介绍。 | |
| 606 | 0 | @a电子计算机@x接口@x高等教育@j教材 |
| 690 | @aTP334.7@v4 | |
| 701 | 0 | @a庄琴生@4编著@9zhuang qin sheng |
| 801 | 0 | @aCN@bAZmarc@c20230831 |
| 905 | @aBZT@dTP334@e5@f2@sTP334/5 | |
| 计算机接口技术/庄琴生编著.-西安:西安电子科技大学出版社,2004 |
| 246页;26cm |
| 高职高专系列教材 面向21世纪IT类高职高专系列教材 |
| ISBN 978-7-5606-1391-8:CNY18.00 |
| 本书注重接口技术基本概念的讲解并强调其实用性,提供了大量基本应用实例和具体的实验内容,并对计算机接口的新技术作介绍。 |
| ● |
| 相关链接 |
|
|
|
正题名:计算机接口技术
索取号:TP334/5
 
预约/预借
| 序号 | 登录号 | 条形码 | 馆藏地/架位号 | 状态 | 备注 |
| 1 | 2000007161 | 2000007161 | 旧书回溯/ [索取号:TP334/5] | 在馆 | |
| 2 | 2000022682 | 2000022682 | 旧书回溯/ [索取号:TP334/5] | 在馆 |